| 000 | 01453nmm a2200541 a 4500 | ||
|---|---|---|---|
| 003 | AR-BaBNM | ||
| 005 | 20251128204717.0 | ||
| 008 | 116019s1975 ||||||||||||||000 | spa|| | ||
| 040 | _cAR-BaBNM | ||
| 100 | 1 | _aCampobassi, José Salvador | |
| 245 | 1 | 0 |
_aSarmiento y su época _bdesde 1863 a 1888 _n2 |
| 250 | _a1ª ed. | ||
| 260 |
_aBuenos Aires _bLosada _c1975 |
||
| 300 | _a554 p. | ||
| 600 | 1 | 4 | _aLópez Jordan, Ricardo |
| 600 | 0 | 4 | _aMitre |
| 600 | 1 | 4 |
_aSarmiento, Domingo Faustino _d1868-1874 |
| 650 | 4 | _aHISTORIA POLITICA | |
| 650 | 4 | _aHISTORIA PROVINCIAL ARGENTINA | |
| 650 | 4 | _aHISTORIA SANJUANINA | |
| 650 | 4 | _aBIOGRAFIAS | |
| 650 | 4 | _aHISTORIA DE LAS IDEAS | |
| 650 | 4 | _aHISTORIA | |
| 650 | 4 | _aRELACIONES INTERNACIONALES | |
| 650 | 4 | _aHISTORIA | |
| 650 | 4 | _aINVERSIONES EXTRANJERAS | |
| 650 | 4 | _aCOSTUMBRES Y TRADICIONES | |
| 650 | 4 | _aLIBERALISMO | |
| 650 | 4 | _aJORDANISMO | |
| 650 | 4 | _aASESINATO DE URQUIZA | |
| 650 | 4 | _aHISTORIA INSTITUCIONAL | |
| 650 | 4 | _aHISTORIA DE LA EDUCACION | |
| 650 | 4 | _aEDUCACION LAICA | |
| 650 | 4 | _aHISTORIA LITERARIA | |
| 650 | 4 | _aGENERACION DE 1837 | |
| 650 | 4 | _aGENERACION DE 1880 | |
| 651 | 4 | _aPerú | |
| 651 | 4 | _aParaguay | |
| 651 | 4 | _aEstados Unidos | |
| 651 | 4 | _aChile | |
| 651 | 4 | _aBrasil | |
| 651 | 4 | _aArgentina | |
| 653 | _aCONFLICTOS LIMITROFES | ||
| 653 | _aSUBLEVACIONES | ||
| 653 | _aHISTORIA PARLAMENTARIA | ||
| 942 | _cBK | ||
| 998 | _cenrique | ||
| 999 |
_c8526 _d8526 |
||